000 00957nam a22002417a 4500
003 Uzh_bibl
008 260430b |||||||| |||| 00| 0 ukr d
020 _a5-319-01330-2
_c2.00
040 _bукр.
041 _2ukr
_aukr
080 _a94(477)
090 _a94(477)
_bП 40
100 _aПлющ,Іван
245 _aХто ми і куди йдемо
_hТекст
260 _bУкраїна
_aКиїв
_c1993
300 _a351 с.
520 _aУ книзі вміщені доповіді,виступи,а також статті й інтервю кореспондентам вітчизняних і зарубіжних засобів масової інформації І.С.Плюща
521 _aДля широкого кола читачів
546 _aукр.
650 _aМасово-політичне видання
655 _vдоповіді,виступи,статті,інтерв'ю
942 _2udc
_cBK
999 _c17587
_d17587